Statistics for Best Rappers of 2020

Click here to take the quiz!

General Stats

  • This quiz has been taken 190 times
    (148 since last reset)
  • The average score is 7 of 25

Answer Stats

Rapper% Correct
Drake
82%
Lil Baby
72%
Dababy
58%
Juice Wrld
50%
Travis Scott
47%
Pop Smoke
43%
Future
42%
Eminem
38%
Cardi B
33%
Megan Thee Stallion
25%
NLE Choppa
25%
Jack Harlow
23%
Lil Mosey
23%
Roddy Rich
22%
Post Malone
19%
YNW Melly
14%
Rod Wave
12%
YoungBoy Never Broke Again
9%
24kGoldn
8%
Doja Cat
8%
Kid Cudi
7%
42 Dugg
5%
Swae Lee
5%
Tyga
5%
Moneybagg Yo
4%

Score Distribution

Percentile by Number Answered

Percent of People with Each Score

Your Score History

You have not taken this quiz since the last reset